Normal view
MARC view
- Tony G beugelsdijk
Entry Personal Name
001 - CONTROL NUMBER
- control field: 125261
003 - CONTROL NUMBER IDENTIFIER
- control field: NUST
005 - DATE AND TIME OF LATEST TRANSACTION
- control field: 20240821142416.0
008 - FIXED-LENGTH DATA ELEMENTS
- fixed length control field: 240821|| aca||aabn | a|a d
040 ## - CATALOGING SOURCE
- Original cataloging agency: NUST
- Transcribing agency: NUST
100 ## - HEADING--PERSONAL NAME
- Personal name: Tony G beugelsdijk
670 ## - SOURCE DATA FOUND
- Source citation: Work cat.: (NUST): Tony G beugelsdijk, Automation technologies for Genome Characterization , 1997.
